Hong Kong Metro Stations with a map - Statistics

General Stats
  • This quiz has been taken 228 times
  • The average score is 73 of 120
Answers on the Map
Answers color-coded by a green-red scale on the quiz's map according to % correct below.
 
Answer Stats
Answer % Correct
Kowloon 九龍
87%
Central 中環
82%
Admiralty 金鐘
81%
Airport 機場
81%
Hong Kong 香港
79%
Mong Kok 旺角
79%
Sunny Bay 欣澳
77%
Kowloon Tong 九龍塘
76%
Disneyland Resort 迪士尼
75%
HKU 香港大學
75%
Wan Chai 灣仔
75%
Kwun Tong 觀塘
74%
Prince Edward 太子
73%
Tsim Sha Tsui 尖沙嘴
73%
Tuen Mun 屯門
73%
Tung Chung 東涌
73%
Kennedy Town 堅尼地城
72%
Causeway Bay 銅鑼灣
70%
North Point 北角
70%
Sha Tin 沙田
70%
Tseung Kwan O 將軍澳
70%
Tai Wai 大圍
69%
University 大學
68%
Yau Ma Tei 油麻地
68%
Jordan 佐敦
67%
Sheung Wan 上環
67%
Tsuen Wan 荃灣
67%
Chai Wan 柴灣
66%
Hung Hom 紅磡
66%
Lok Ma Chau 落馬洲
66%
Lo Wu 羅湖
66%
Ma On Shan 馬鞍山
65%
Tsing Yi 青衣
64%
Yau Tong 油塘
64%
Quarry Bay 鰂魚涌
63%
Sai Ying Pun 西營盤
63%
Whampoa 黃埔
63%
Yuen Long 元朗
62%
LOHAS Park 康城
61%
Racecourse 馬場
61%
Sheung Shui 上水
61%
Tin Hau 天后
61%
Diamond Hill 鑽石山
60%
Lai Chi Kok 荔枝角
60%
Olympic 奧運
60%
AsiaWorld-Expo 博覽館
59%
Choi Hung 彩虹
59%
Lai King 荔景
59%
Tiu Keng Leng 調景嶺
59%
Cheung Sha Wan 長沙灣
58%
Mong Kok East 旺角東
58%
Sham Shui Po 深水埗
58%
Ho Man Tin 何文田
57%
Kowloon Bay 九龍灣
57%
Lam Tin 藍田
57%
Mei Foo 美孚
57%
Nam Cheong 南昌
57%
Tai Po Market 大埔墟
57%
Ocean Park 海洋公園
56%
Tsuen Wan West 荃灣西
56%
Exhibition Centre 會展
55%
Fo Tan 火炭
55%
Austin 柯士甸
54%
Fortress Hill 炮台山
54%
Kai Tak 啟德
54%
Po Lam 寶琳
54%
Tai Wo 太和
54%
Kwai Fong 葵芳
53%
Tin Shui Wai 天水圍
53%
East Tsim Sha Tsui 尖東
52%
Fanling 粉嶺
52%
Ngau Tau Kok 牛頭角
52%
Tai Koo 太古
52%
Wong Tai Sin 黃大仙
52%
Wu Kai Sha 烏溪沙
52%
Heng Fa Chuen 杏花邨
51%
Kam Sheung Road 錦上路
51%
Lok Fu 樂富
51%
Shau Kei Wan 筲箕灣
51%
Kwai Hing 葵興
49%
Shek Kip Mei 石硤尾
49%
Tai Wo Hau 大窩口
49%
Sai Wan Ho 西灣河
46%
City One 第一城
45%
To Kwa Wan 土瓜灣
44%
Hang Hau 坑口
42%
Che Kung Temple 車公廟
41%
Sung Wong Toi 宋皇臺
41%
Wong Chuk Hang 黃竹坑
41%
Sha Tin Wai 沙田圍
38%
Shek Mun 石門
37%
Siu Hong 兆康
37%
South Horizons 海怡半島
37%
Heng On 恆安
36%
Lei Tung 利東
36%
Long Ping 朗屏
36%
Tai Shui Hang 大水坑
36%
Hin Keng 顯徑
35%
No matching quizzes found
Score Distribution
Percent of People with Each Score
Percentile by Number Answered
Your Score History
You have not taken this quiz